Normal view MARC view

Entry Topical Term

Number of records used in: 1

001 - CONTROL NUMBER

  • control field: 25435

003 - CONTROL NUMBER IDENTIFIER

  • control field: OSt

005 - DATE AND TIME OF LATEST TRANSACTION

  • control field: 20210720105122.0

008 - FIXED-LENGTH DATA ELEMENTS

  • fixed length control field: 210720|| aca||aabn | a|a d

040 ## - CATALOGING SOURCE

  • Original cataloging agency: OSt
  • Transcribing agency: OSt

150 ## - HEADING--TOPICAL TERM

  • Topical term or geographic name entry element: Temporary organization, Project, Time frame, Shifts, Situated temporality

670 ## - SOURCE DATA FOUND

  • Source citation: Work cat.: (OSt): Vaagaasar, A.L. Hernes, T. Dille, T. 25434, The challenges of implementing temporal shifts in temporary organizations: Implications of a situated temporal view

Powered by Koha